000 00337nam a22001457a 4500
041 _aENG
100 _aRobinson A
245 _aThe Princeton Erviev Cracking The Lsat
250 _a2001 Ed
260 _aNew York
_bAandom House
_c2001
300 _a394
650 _aCompetitive Exam
700 _aTallia.R
856 _uCompetitive Exam
999 _c559
_d559